| 000 -LEADER |
| fixed length control field |
00476cam a22001337a 4500 |
| 008 - FIXED-LENGTH DATA ELEMENTS--GENERAL INFORMATION |
| fixed length control field |
180718b1954 xxu||||| |||| 00| 0 eng d |
| 082 ## - DEWEY DECIMAL CLASSIFICATION NUMBER |
| Classification number |
B20 Z13 |
| 100 ## - MAIN ENTRY--PERSONAL NAME |
| Personal name |
Zagorin, Perez |
| 245 ## - TITLE STATEMENT |
| Title |
History of political thought in the English revolution |
| Statement of responsibility, etc. |
by Perez Zagorin |
| 260 ## - PUBLICATION, DISTRIBUTION, ETC. |
| Place of publication, distribution, etc. |
London |
| Name of publisher, distributor, etc. |
Routledge & Kegan Paul |
| Date of publication, distribution, etc. |
1954 |
| 300 ## - PHYSICAL DESCRIPTION |
| Extent |
vii, 208p |
| 650 ## - SUBJECT ADDED ENTRY--TOPICAL TERM |
| Topical term or geographic name entry element |
Great Britain --Politics and government --1642-1660. |
| 650 ## - SUBJECT ADDED ENTRY--TOPICAL TERM |
| Topical term or geographic name entry element |
Political science --Great Britain --History --17th century |